| 000 | 00683nam a2200217 4500 | ||
|---|---|---|---|
| 999 |
_c189792 _d189792 |
||
| 005 | 20220713112355.0 | ||
| 010 | _aENG-133490 | ||
| 020 |
_a9789390189397 _c295.00 |
||
| 035 | _aEN-117022 | ||
| 037 | _bDBAD/PUB | ||
| 082 | _as | ||
| 245 |
_aFor kids by kids: _bAwards winning stories scholastic writing awards2020/ _cAditi Krishnakumar...[et al.] |
||
| 260 |
_aGurgaon _bScholastic India Pvt. Ltd _c2020 |
||
| 270 |
_aA-27,Ground Floor, Sigma Centre Infocity-1, Sector 34 _bGurgaon _e122001 |
||
| 300 |
_a123p _c18.9cm(pbk) |
||
| 700 | _aKrishnakumar, Aditi | ||
| 700 | _aSalamander, C G | ||
| 700 | _aSorensen, Nalini | ||
| 700 | _aRaman, Rajee | ||
| 942 |
_2ddc _cEN _hS _mFOR |
||